| 000 | 01099nam a22002295i 4500 | ||
|---|---|---|---|
| 001 | 151703 | ||
| 003 | ES-MaACL | ||
| 005 | 20230906204336.0 | ||
| 008 | 151013s1913 sp |||| | spa d | ||
| 245 | 0 | 0 |
_aCedulario de las provincias de Santa Marta y Cartagena de Indias (siglo XVI). _nTomo I, _pAños 1529 a 1535. |
| 260 |
_aMadrid : _bLibrería General de Victoriano Suárez, _c1913. |
||
| 300 |
_aVIII, 446 p. ; _c21 cm. |
||
| 490 | 1 |
_aColección de libros y documentos referentes a la historia de América ; _v14 |
|
| 530 | _aDisponible en formato digital. | ||
| 651 | 4 |
_aMagdalena (Colombia, Departamento)- _xHistoria- _vFuentes. _9157885 |
|
| 651 | 4 |
_aBolívar (Colombia, Departamento)- _xHistoria- _vFuentes. _9157886 |
|
| 651 | 4 |
_aColombia- _xHistoria- _y1499-1550, Descubrimiento y conquista. _9152427 |
|
| 830 | 0 |
_aColección de libros y documentos referentes a la historia de América ; _v14 _9187663 |
|
| 852 |
_x _aBA _jR-2326-45 _x Olim: D-2302-21 |
||
| 856 |
_uhttp://bdh-rd.bne.es/viewer.vm?id=0000121001&page=1 _zBiblioteca Digital Hispánica |
||
| 999 |
_c151703 _d151703 |
||